Normal view
MARC view
Entry Personal Name
001 - CONTROL NUMBER
- control field: 34520
003 - CONTROL NUMBER IDENTIFIER
- control field: ARRUPE
005 - DATE AND TIME OF LATEST TRANSACTION
- control field: 20170803085633.0
008 - FIXED-LENGTH DATA ELEMENTS
- fixed length control field: 170803|| aca||aabn | a|a d
040 ## - CATALOGING SOURCE
- Original cataloging agency: ARRUPE
- Transcribing agency: ARRUPE
100 ## - HEADING--PERSONAL NAME
- Personal name: Salmon, Merrilee H.
670 ## - SOURCE DATA FOUND
- Source citation: Work cat.: (ARRUPE)19597: Introduction to the philosophy of science :, c1992.